Vật lí 7

Nội dung bao gồm: Quang học, âm học, điện học với những ví dụ dễ hiểu giúp các em nhận biết và ứng dụng trong cuộc sống và học tốt hơn.

সংরক্ষণ করুন:
গ্রন্থ-পঞ্জীর বিবরন
প্রধান লেখক: Vũ, Quang
বিন্যাস: গ্রন্থ
ভাষা:Undetermined
প্রকাশিত: Hà Nội Giáo dục Việt Nam 2020
বিষয়গুলি:
ট্যাগগুলো: ট্যাগ যুক্ত করুন
কোনো ট্যাগ নেই, প্রথমজন হিসাবে ট্যাগ করুন!
Thư viện lưu trữ: Trung tâm Học liệu Trường Đại học Cần Thơ
LEADER 00823nam a2200217Ia 4500
001 CTU_238982
008 210402s9999 xx 000 0 und d
020 |c 6000 
082 |a 530.0712 
082 |b Qu106 
100 |a Vũ, Quang 
245 0 |a Vật lí 7 
245 0 |c Vũ Quang (Tổng chủ biên) 
260 |a Hà Nội 
260 |b Giáo dục Việt Nam 
260 |c 2020 
520 |a Nội dung bao gồm: Quang học, âm học, điện học với những ví dụ dễ hiểu giúp các em nhận biết và ứng dụng trong cuộc sống và học tốt hơn. 
650 |a Physics,Vật lí 
650 |x Study and teaching (Secondary),Dạy và học (Trung học) 
904 |i Hải 
980 |a Trung tâm Học liệu Trường Đại học Cần Thơ